Capital and Growth (Record no. 2163)

MARC details
000 -LEADER
fixed length control field 00299nam a22001217a 4500
008 - FIXED-LENGTH DATA ELEMENTS--GENERAL INFORMATION
fixed length control field 250307b |||||||| |||| 00| 0 eng d
100 ## - MAIN ENTRY--AUTHOR
Author HICKS, John
245 ## - TITLE STATEMENT
Title Capital and Growth
260 ## - PUBLICATION, DISTRIBUTION, ETC. (IMPRINT)
Place of publication New York
Name of publisher Oxford University Press
Date of publication 1965
300 ## - COLLATION
Pagination vii, 334p.
942 ## - ADDED ENTRY ELEMENTS (KOHA)
Item type Books
050 ## - LIBRARY OF CONGRESS CALL NUMBER
Classification number HD171
Item number .H53
Holdings
Source of classification or shelving scheme Not for loan Permanent location Current location Date acquired Accession No. Full call number Barcode. Koha item type
Library of Congress Classification   Samuel Ogbemudia Main Library, University of Abuja Samuel Ogbemudia Main Library, University of Abuja 03/07/2025 2017/49804 HD171.H53 2025-0390 Books